00588nam a2200133Ia 4500100002900000942000700029654001900036245004400055260005200099546001200151999001700163952013700180952013700317 aNational Semi conductor  cBK aLinear devices aGeneral purpose linear devices databook bNational semiconductor corpn.aCaliforniac1989 aENGLISH c18429d18429 001040708CRCaCRCEbCRCEd2023-03-17eProgressive Booksg250.00i2077 dt 28.12.92l0o p4054r2023-03-17v250.00w1992-12-28yBK 001040708CRCaCRCEbCRCEd2023-03-17eProgressive Booksg780.00i2077 dt 28.12.92l0o p4055r2023-03-17v780.00w1992-12-28yBK